000 01136cam a22003254i 4500
999 _c41524
_d41524
001 18382865
003 OSt
005 20220919132856.0
008 141121s2016 maua b 001 0 eng
010 _a 2014957654
020 _a9781305087293
040 _aDLC
_beng
_erda
_cDLC
_dDLC
042 _apcc
050 0 0 _aBF636.6
_b.N48 2016
082 0 0 _a158.3
_223
_bNEU/W
100 1 _aNeukrug, Ed.
245 1 4 _aThe world of the counselor :
_ban introduction to the counseling profession /
_cEd Neukrug, Old Dominion University.
250 _aFifth edition.
264 1 _aBoston, MA, USA ;
_bCengage Learning,
_c[2016]
300 _axxvi, 723 pages :
_billustrations ;
_c24 cm
336 _atext
_btxt
_2rdacontent
337 _aunmediated
_bn
_2rdamedia
338 _avolume
_bnc
_2rdacarrier
500 _a4th edition published: Australia ; Belmont, CA : Brooks/Cole, c2012.
504 _aIncludes bibliographical references (pages 643-687) and indexes.
650 0 _aCounseling psychology.
650 0 _aPsychotherapy.
942 _2ddc
_cBK
_h158.3
_iNEU/W
_k158.3
_mNEU/W